Podrobnosti MARC
| 000 -Návěští |
| Řídící pole kódované 24B |
02055nam a2200349 i 4500 |
| 001 - Kontrolní číslo |
| Řídící pole proměnné |
016530003122039 |
| 003 - Identifikátor kontrolního čísla |
| Řídící pole proměnné |
CZ PrSKC |
| 005 - Datum posledního zpracování |
| Řídící pole 16B |
20250930103905.0 |
| 008 - Údaje pevné délky |
| Řídící pole kódované 40B |
250901s2025 xr ||| | cze |
| 020 ## - ISBN |
| ISBN |
9788000077727 |
| Dostupnost |
299.00 Kč |
| 040 ## - Zdroj katalogizace-agentura |
| Agentura původní katalogizace |
HKG001 |
| Jazyk katalogizace |
cze |
| Použitá pravidla popisu |
rda |
| 041 1# - Kód jazyka |
| Kód jazyka textu/zvuku, mezititulků |
cze |
| Kód jazyka originálu |
eng |
| 072 #7 - Kód předmětové kategorie - Konspekt |
| Předmětová kategorie |
821.111.09 |
| Zpřesnění předmětové kategorie |
Anglická literatura, anglicky psaná (o ní) |
| Zdroj předmětové klasifikace |
Konspekt |
| 072 #7 - Kód předmětové kategorie - Konspekt |
| Předmětová kategorie |
0/9-053.2 |
| Zpřesnění předmětové kategorie |
Literatura pro děti a mládež (naučná) |
| Zdroj předmětové klasifikace |
Konspekt |
| 080 ## - MDT |
| Klasifikační znak MDT |
821.111-312.9 |
| 080 ## - MDT |
| Klasifikační znak MDT |
82-052 |
| 100 1# - Hlavní záhlaví - osobní jméno autora |
| Osobní jméno |
Rowling, J. K., |
| Datumy související se jménem |
1965- |
| Kód role |
aut |
| 9 (RLIN) |
8222 |
| 240 10 - Unifikovaný název |
| Unifikovaný název |
<a href="Pocket Potters : Ron Weasley.">Pocket Potters : Ron Weasley.</a> |
| Jazyk díla |
Česky |
| 245 10 - Údaje o názvu |
| Název |
Ron Weasley : |
| Další údaje o názvu |
Potterovský průvodce : malá příručka k sérii Harry Potter od J. K. Rowling / |
| Údaj o odpovědností, atd. |
ilustrovala Olia Muza ; z anglického originálu Pocket Potters - Ron Weasley ... přeložila Kateřina Hajžmanová |
| 246 13 - Variantní vázvy |
| Hlavní název/zkrácený název |
Potterovský průvodce : malá příručka k sérii Harry Potter od J. K. Rowling. Ron Weasley |
| 250 ## - Údaje o vydání |
| Označení vydání |
1. vydání |
| 264 #1 - Nakladatelské údaje |
| Místo vydání |
V Praze : |
| Nakladatel |
Albatros, |
| Rok vydání |
2025 |
| 300 ## - Fyzický popis |
| Rozsah |
28 nečíslovaných stran : |
| další fyzické údaje |
barevné ilustrace ; |
| Rozměry |
23 cm |
| 520 2# - Anotace |
| Anotace, atd. |
Objevte kouzelný svět J.K. Rowling očima člena nejzrzavější čarodějnické rodiny Seznamte se s Ronem Weasleym, nejlepším přítelem Harryho Pottera a členem početné kouzelnické rodiny. Prožijte jeho dobrodružství s létajícím autem, nebezpečnou šachovou partií a pavouky, kteří ho děsí víc než běsnící troll na školních záchodcích. Ilustrace Olie Muzy zachycují laskavého i vtipného Rona v úžasně zpracovaném průvodci pro všechny, kteří chtějí nahlédnout do života tohoto odvážného člena nebelvírské koleje. |
| 600 17 - Vedlejší věcné záhlaví - osobní jméno |
| Osobní jméno |
Weasley, Ron |
| Tituly a jiné doplňky ke jménu |
(fiktivní postava), |
| Datumy související se jménem |
1980- |
| Zdroj záhlaví nebo termínu |
czenas |
| 9 (RLIN) |
19836 |
| 600 17 - Vedlejší věcné záhlaví - osobní jméno |
| Osobní jméno |
Rowling, J. K., |
| Datumy související se jménem |
1965- |
| Název díla |
Harry Potter series |
| Zdroj záhlaví nebo termínu |
czenas |
| 9 (RLIN) |
17403 |
| 653 0# - Rejstříkový termín - volně tvořený |
| Volně tvořený termín |
anglické |
| -- |
fantasy romány |
| -- |
20.-21.stol. |
| -- |
literární postavy |
| 700 1# - Vedlejší záhlaví - osobní jméno autora |
| Osobní jméno |
Muzyčenko, Olja |
| Kód role |
ill |
| 9 (RLIN) |
17406 |
| 700 1# - Vedlejší záhlaví - osobní jméno autora |
| Osobní jméno |
Hajžmanová, Kateřina, |
| Datumy související se jménem |
1993- |
| Kód role |
trl |
| 9 (RLIN) |
17409 |
| 910 ## - Údaje o vlastníkovi jednotky (exempláře) |
| Sigla vlastníka jednotky |
ABG508 |